000
00269nam a22001217a 4500
082
_a
823
_b
KAT/S
100
_a
CRISTALDI, KATHRYN
245
_a
SAMANTHA THE SNOB
260
_a
NEW YORK
_b
RANDOM HOUSE
_c
1994
300
_a
48
650
_a
ENGLISH STORY
_z
INDIA
942
_c
BK
999
_c
7480
_d
7480